| 000 | 01106 a2200169 4500 | ||
|---|---|---|---|
| 003 | Nust | ||
| 005 | 20170207153448.0 | ||
| 040 | _cNust | ||
| 082 | _a955 | ||
| 100 | _aLt General A.I. Akram | ||
| 245 | _aThe muslim conquest of persia | ||
| 260 |
_aRawalpindi _bArmy education press _c1972 |
||
| 300 | _a333 | ||
| 500 | _aThe Name Of Allah (Page-1),The Change Of Commend (Page-15), The Victories And Defeat (Page-22),The Battle Of Buweib (Page-41),Umer And Sad (Page-53),Yazdjurd And Rustam (Page-68),The Eve Of Qadisiyya (Page-84),The Day Of Disorder (Page-109),The Day Of Succor (Page-121),The Day Of Hardship (Page-134),The Night Of Qadisiyya (Page-145),On To Ctesiphon (Page-159),The Conquest Of Ctesiphon (Page-172), The Battle Of Jalaula(Page-185),The Consolidation Of Iraq (Page-208),The Conquest Of Ahwaz (Page-220),The Con1uest Of Tustar(Page-233),The Rest Of Khuzistan (Page-244),The Persians March Again (Page-253),The Battle Of Nihawand (Page-265),The Fall Of Persia (Page-289),The Last Of The Sasanis (Page-301). | ||
| 538 | _aAlmirah No.63 Shelf No.4 | ||
| 650 | _aThe muslim conquest of persia | ||
| 942 |
_2ddc _cBK |
||
| 999 |
_c186742 _d186742 |
||